[Event "Oberbayern Bezirksliga 1617"]
[Site "Germany"]
[Date "2017.01.15"]
[Round "4.6"]
[White "Humburg, Michael"]
[Black "Peterwagner, Heinz"]
[Result "1/2-1/2"]
[WhiteElo "1898"]
[BlackElo "2068"]
[PlyCount "27"]
[EventDate "2016.10.16"]
[EventType "team-tourn"]
[EventRounds "9"]
[EventCountry "GER"]
[SourceTitle "EXT 2019"]
[Source "ChessBase"]
[SourceDate "2018.10.10"]
[SourceVersion "1"]
[SourceVersionDate "2018.10.10"]
[SourceQuality "1"]
[WhiteTeam "Wolfratshausen"]
[BlackTeam "Freilassing"]
[WhiteTeamCountry "GER"]
[BlackTeamCountry "GER"]

1. d4 Nf6 2. e3 g6 3. Bd3 Bg7 4. f4 c5 5. Nf3 cxd4 6. exd4 d6 7. 0-0 e6 8. c3 0-0 9. Nbd2 Qc7 10. a4 Bd7 11. Re1 Bc6 12. a5 Nbd7 13. c4 d5 14. Ne5 1/2-1/2